Fr. Conceicao Rodrigues College of Engineering

Pipe Welding Procedures (Record no. 33061)

MARC details
000 -LEADER
fixed length control field 00228nam a2200109Ia 4500
100 ## - MAIN ENTRY--PERSONAL NAME
Personal name Rampaul/Hoobasar
245 ## - TITLE STATEMENT
Title Pipe Welding Procedures
260 ## - PUBLICATION, DISTRIBUTION, ETC.
Name of publisher, distributor, etc. Industrial Press
300 ## - PHYSICAL DESCRIPTION
Extent 238
650 ## - SUBJECT ADDED ENTRY--TOPICAL TERM
Topical term or geographic name entry element Chemistry
942 ## - ADDED ENTRY ELEMENTS (KOHA)
Koha item type BOOK
Holdings
Withdrawn status Lost status Damaged status Not for loan Collection Home library Current library Date acquired Cost, normal purchase price Inventory number Total Checkouts Full call number Barcode Date last seen Cost, replacement price Price effective from Koha item type
        AFT Fr. Agnel's C.Rodrigues College of Engineering Fr. Agnel's C.Rodrigues College of Engineering 17/03/2023 102.00 T-8   AFT1457 17/03/2023 102.00 17/03/2023 BOOK